Active filters- ACT 1+1 / (Record no. 182050)

000 -LEADER
fixed length control field 00488 a2200169 4500
003 - CONTROL NUMBER IDENTIFIER
control field Nust
005 - DATE AND TIME OF LATEST TRANSACTION
control field 20251015130743.0
040 ## - CATALOGING SOURCE
Transcribing agency Nust
082 ## - DEWEY DECIMAL CLASSIFICATION NUMBER
Classification number 621.382
100 ## - MAIN ENTRY--PERSONAL NAME
Personal name Butt, Capt Asam (TE-22)
9 (RLIN) 131159
245 ## - TITLE STATEMENT
Title Active filters- ACT 1+1 /
Statement of responsibility, etc. Capt Asam Butt & Capt Jamal Gilani , Capt Javed Sarwar , Capt Tahir Khan and Capt Tariq Shuja
260 ## - PUBLICATION, DISTRIBUTION, ETC.
Name of publisher, distributor, etc. UET, Lahore
Place of publication, distribution, etc. MCS
Date of publication, distribution, etc. 1990
300 ## - PHYSICAL DESCRIPTION
Extent 32 :p.;
650 ## - SUBJECT ADDED ENTRY--TOPICAL TERM
Topical term or geographic name entry element UG Projects
9 (RLIN) 98716
651 ## - SUBJECT ADDED ENTRY--GEOGRAPHIC NAME
Geographic name TE-22
9 (RLIN) 131158
942 ## - ADDED ENTRY ELEMENTS (KOHA)
Koha item type Project Report
Source of classification or shelving scheme
Holdings
Withdrawn status Lost status Source of classification or shelving scheme Damaged status Not for loan Permanent Location Current Location Shelving location Date acquired Full call number Barcode Date last seen Price effective from Koha item type Public note
          Military College of Signals (MCS) Military College of Signals (MCS) Reference 12/12/2016 621.382,BUT MCSPTE-48 12/08/2016 12/12/2016 Project Report Almirah No.90, Shelf No.1
© 2023 Central Library, National University of Sciences and Technology. All Rights Reserved.